000 00580 a2200193 4500
001 62205
005 20260407155915.0
008 260407a1981 arg spa d
003 AR-UNSa-BCEJYS
040 _aAR-UNSa-BCEJYS
_bspa
_cAR-UNSa-BCEJYS
080 _a331.102:338.43
_x(Trabajo rural, agrícola. Trabajadores rurales.)
245 1 0 _aRégimen del trabajo rural
_pDoctrina y legislación
264 1 _aBuenos Aires :
_bAstrea
_c1981
300 _a302 p.
_c24 cm.
041 _aspa
942 _cBK
590 _aniveau_biblio:m niveau_hierar:0
100 1 _aLuparia, Carlos H.
999 _c7604
_d7604